000 00666nam a2200241Ia 4500
003 OSt
005 20220928125355.0
006 a|||||r|||| 00| 0
007 ta
008 220927b |||||||| |||| 00| 0 eng d
024 _a19354
037 _cTextual
040 _aSDCL
_cSDCL
_beng
041 _2eng
_aeng
082 _aB2814, P3
100 _aHuffman W Cary
_9469410
245 0 _aFundamentals of error-correcting codes
260 _aCambridge
_bCambridge University Press
_c2003
300 _axvii,646p.
_ccm.
700 _a Pless Vera
_9469411
942 _hB2814, P3
_cTEXL
_2CC
999 _c782068
_d782068